Les jeux de la série des Professeur Layton - Statistiques

Statistiques générales
  • Ce quiz a été pris 51 fois
  • Le résultat moyen est 6 sur 7
Statistiques - réponses
Année
de sortie
Nom du jeu % Correct
2008 Professeur Layton etl’Étrange Village
95%
2009 Professeur Layton etla Boîte de Pandore
91%
2011 Professeur Layton etl’Appel du Spectre
81%
2010 Professeur Layton etle Destin perdu
81%
2012 Professeur Layton etle Masque des Miracles
81%
2013 Professeur Layton etl’Héritage des Aslantes
81%
Prévu pour2025 Professeur Layton et leNouveau Monde à Vapeur
42%
Aucun quiz correspondant
Distribution des résultats
% des personnes avec chaque résultat
Percentile par nombre de réponses
Votre historique - résultats
Vous n’avez pas pris ce quiz